Communication within animal cells
Bewaard in:
| Hoofdauteur: | |
|---|---|
| Formaat: | Boek |
| Taal: | Engels |
| Gepubliceerd in: |
Oxford
Oxford University Press
1992
|
| Reeks: | Oxford Science Publications
|
| Onderwerpen: | |
| Tags: |
Voeg label toe
Geen labels, Wees de eerste die dit record labelt!
|
MARC
| LEADER | 00000nam a2200000 a 4500 | ||
|---|---|---|---|
| 001 | UCQ4604 | ||
| 003 | CL-VaPUC | ||
| 008 | 980910e19920000UK |||||||||||||||||eng|d | ||
| 082 | 0 | 4 | |a 591.87 |b BAR |2 21 |
| 100 | 0 | |a Barritt, Greg J |e author |9 418782 | |
| 245 | 1 | 0 | |a Communication within animal cells |
| 300 | |a 343 p | ||
| 942 | |c BK | ||
| 945 | |d 19980910 00:00:00 |a mvenant | ||
| 260 | |a Oxford |b Oxford University Press |c 1992 | ||
| 650 | 0 | |a Células |9 269548 | |
| 650 | 0 | |a Animales |9 269820 | |
| 650 | 7 | |a PLASMA SANGUINEO |2 CL-VaPUC |9 361621 | |
| 650 | 7 | |a PROTEINAS |2 CL-VaPUC |9 418783 | |
| 650 | 7 | |a CALCIO |2 CL-VaPUC |9 356891 | |
| 650 | 0 | |a Metabolismo |9 259893 | |
| 650 | 0 | |a Ácido desoxirribonucleico (ADN) |9 361158 | |
| 583 | |a last modification |c 19980910 00:00:00 |k Rodrigo Vera | ||
| 490 | 0 | |a Oxford Science Publications | |
| 999 | |c 274949 |d 274947 | ||
| 952 | |0 0 |1 0 |4 0 |6 591_870000000000000_BAR_1992 |7 0 |8 A |9 311370 |a BIBCUR |b BIBCUR |d 2019-11-20 |i 3459233 |o 591.87 BAR 1992 |p 3459233 |r 2025-04-22 |w 2019-11-20 |y BK |k BCB | ||
| 952 | |0 0 |1 0 |4 0 |6 591_870000000000000_BAR_1992 |7 0 |8 A |9 311371 |a BIBCUR |b BIBCUR |d 2019-11-20 |i 3619559 |o 591.87 BAR 1992 |p 3619559 |r 2025-04-22 |w 2019-11-20 |y BK |k BCB | ||
| 952 | |0 0 |1 0 |4 0 |6 591_870000000000000_BAR_1992 |7 0 |8 A |9 311372 |a BIBAGR |b BIBAGR |d 2019-11-20 |i 3619567 |o 591.87 BAR 1992 |p 3619567 |r 2025-01-20 |w 2019-11-20 |y BK |k AGR | ||
| 952 | |0 0 |1 0 |4 0 |6 591_870000000000000_BAR_1992 |7 0 |8 A |9 311373 |a BIBCUR |b BIBCUR |d 2019-11-20 |i 3619575 |o 591.87 BAR 1992 |p 3619575 |r 2025-04-22 |w 2019-11-20 |y BK |k BCB | ||